000 00649nam a22001937a 4500
005 20251108165831.0
008 250721s1995 xx 000 0 ara d
082 1 4 _aط/923.5/محا
100 1 _aالمحامي، محمد كامل حسن
_eمؤلف
245 1 0 _aعقبة بن نافع :
_bبطل الفتح الإسلامي /
264 1 _aبيروت :
_bالمكتب العالمي للطباعة و النشر و التوزيع،
_c1995.
300 _a118ص.
490 0 _aعظماء الإسلام
650 1 7 _aالعسكريون
650 1 7 _aالتراجم
650 1 7 _aالعهد الأموي
942 _2ddc
_cBK
999 _c32447
_d32447